[Event "M.Chigorin Memorial 2017 "]
[Site "?????-?????????"]
[Date "2017.10.25"]
[Round "5"]
[Board "76"]
[White "Babazada, Khazar"]
[Black "Shubin, Kirill"]
[Result "0-1"]
[WhiteElo "2090"]
[BlackElo "2359"]
[PlyCount "88"]
[EventDate "2017.10.21"]
[EventRounds "9"]
[EventCountry "RUS"]

1. Nf3 Nf6 2. g3 b5 3. Bg2 Bb7 4. O-O e6 5. b3 Be7 6. Bb2 O-O 7. d3 c5 8. Nbd2
d6 9. e4 Nc6 10. Re1 Qc7 11. e5 Ne8 12. exd6 Nxd6 13. Qe2 Nf5 14. Ne4 Ncd4 15.
Qd1 e5 16. Nc3 Rfd8 17. a4 bxa4 18. Rxa4 f6 19. Rc4 Nxf3+ 20. Bxf3 Nd4 21. Bxb7
Qxb7 22. Ne4 Rac8 23. Bxd4 cxd4 24. Qg4 Rxc4 25. Qe6+ Kf8 26. dxc4 Qc8 27. Qxc8
Rxc8 28. f3 Bb4 29. Ra1 a5 30. Nf2 f5 31. Nd3 Bc3 32. Ra4 Re8 33. Kf2 g5 34. f4
gxf4 35. gxf4 e4 36. Ne5 Bd2 37. c5 Bxf4 38. Nd7+ Ke7 39. Rxd4 Bxh2 40. Nb6 Rg8
41. Rd1 Bg1+ 42. Ke2 Bxc5 43. Rd7+ Ke6 44. Rxh7 Rg2+  0-1

[Event "M.Chigorin Memorial 2017 "]
[Site "?????-?????????"]
[Date "2017.10.25"]
[Round "5"]
[Board "77"]
[White "Suleymanli, Aydin"]
[Black "Tsaruk, Maksim"]
[Result "0-1"]
[WhiteElo "2353"]
[BlackElo "2090"]
[PlyCount "120"]
[EventDate "2017.10.21"]
[EventRounds "9"]
[EventCountry "RUS"]

1. d4 f5 2. c4 Nf6 3. Nc3 g6 4. h4 Bg7 5. h5 Nxh5 6. e4 fxe4 7. Rxh5 gxh5 8.
Qxh5+ Kf8 9. Bh6 d6 10. Nxe4 Qd7 11. Bxg7+ Kxg7 12. Qg5+ Kf7 13. Be2 Qe6 14.
Qh4 Ke8 15. O-O-O Kd8 16. Re1 Rf8 17. f3 Qf7 18. g3 Qg7 19. d5 Nd7 20. f4 Nf6
21. Nxf6 Rxf6 22. Bh5 c5 23. Nf3 Bd7 24. Re3 Kc7 25. Ng5 Rg8 26. Qh2 Rh6 27.
Qe2 Qf6 28. Bf3 Rxg5 29. fxg5 Qxg5 30. Kc2 Rh2 31. Qxh2 Qxe3 32. Qh5 Qf2+ 33.
Be2 b5 34. Kc1 Qxg3 35. cxb5 Qf4+ 36. Kd1 Qf5 37. Qxf5 Bxf5 38. Kd2 Kb6 39. Ke3
h6 40. Kf4 Bb1 41. Bc4 Ka5 42. b3 Bxa2 43. b4+ cxb4 44. b6 Kxb6 45. Bxa2 a5 46.
Bb3 Kb5 47. Ke4 a4 48. Bd1 b3 49. Kd3 Kb4 50. Kd2 a3 51. Kc1 Kc3 52. Kb1 Kc4
53. Bf3 h5 54. Bxh5 Kxd5 55. Bf7+ e6 56. Kc1 Ke5 57. Bg8 d5 58. Bf7 Kd6 59. Bg8
e5 60. Bh7 e4  0-1

[Event "M.Chigorin Memorial 2017 "]
[Site "?????-?????????"]
[Date "2017.10.25"]
[Round "5"]
[Board "78"]
[White "Bhambure, Shantanu"]
[Black "Naboka, Sergey"]
[Result "0-1"]
[WhiteElo "2088"]
[BlackElo "2351"]
[PlyCount "90"]
[EventDate "2017.10.21"]
[EventRounds "9"]
[EventCountry "RUS"]

1. d4 Nf6 2. c4 g6 3. Nc3 Bg7 4. e4 d6 5. Nf3 O-O 6. Be2 Na6 7. O-O e5 8. Re1
c6 9. Bf1 Qc7 10. d5 c5 11. a3 Bd7 12. Rb1 Ne8 13. b4 b6 14. Be2 Qd8 15. Nb5
Nac7 16. Nxc7 Qxc7 17. Bb2 Rc8 18. Bc3 f5 19. Nd2 Nf6 20. bxc5 Qxc5 21. Bb4 Qc7
22. exf5 gxf5 23. a4 Bh6 24. Ra1 a5 25. Ba3 Bxa4 26. Qxa4 Bxd2 27. Rf1 Bc3 28.
Rab1 Ne4 29. Qc2 Bd4 30. Bd3 Nc3 31. Rb3 b5 32. Bxf5 Qxc4 33. Bxh7+ Kh8 34. Bd3
Qxd5 35. Qd2 Rf4 36. Bc2 Rg8 37. g3 Qf3 38. Rxc3 Qxc3 39. Qxc3 Bxc3 40. Bxd6
Rf6 41. Be7 Rf7 42. Bd6 Rd8 43. Bc5 Bd4 44. Bxd4 Rxd4 45. Re1 Rd2  0-1

[Event "M.Chigorin Memorial 2017 "]
[Site "?????-?????????"]
[Date "2017.10.25"]
[Round "5"]
[Board "79"]
[White "Emanuel, Yahav"]
[Black "Ahmadzada, Ahmad"]
[Result "0-1"]
[WhiteElo "2088"]
[BlackElo "2345"]
[PlyCount "120"]
[EventDate "2017.10.21"]
[EventRounds "9"]
[EventCountry "RUS"]

1. e4 c5 2. Nf3 e6 3. d4 cxd4 4. Nxd4 Nf6 5. Nc3 d6 6. Be2 Be7 7. O-O O-O 8. f4
Nc6 9. Be3 e5 10. fxe5 dxe5 11. Nf5 Bxf5 12. Rxf5 Qa5 13. Kh1 Rad8 14. Bd3 Nd4
15. Rf1 Ne6 16. Qf3 Bb4 17. Bh6 Bxc3 18. bxc3 Nd7 19. Bd2 Ndc5 20. Rfd1 Nxd3
21. cxd3 Qa6 22. Be1 Rd7 23. Rd2 Rfd8 24. Rad1 Nc5 25. d4 Nxe4 26. Re2 f5 27.
Bh4 Rf8 28. Rc2 Qa4 29. Qd3 Rc8 30. Rdc1 exd4 31. cxd4 Rxc2 32. Rxc2 Qxd4 33.
Qb3+ Qd5 34. Rc8+ Kf7 35. Rc7 Kg6 36. Rxd7 Qxd7 37. h3 h6 38. Qf3 Qd5 39. a3 b5
40. Be1 Qe5 41. Bb4 Ng3+ 42. Kg1 Qa1+ 43. Kf2 Ne4+ 44. Ke3 Qe5 45. Kd3 Qd5+ 46.
Ke3 Qb3+ 47. Kd4 Qxf3 48. gxf3 Ng5 49. Kc5 Nxf3 50. Kxb5 Nd4+ 51. Ka6 Nc2 52.
Bc5 Nxa3 53. Bxa3 f4 54. Kxa7 Kf5 55. Kb6 f3 56. Bc5 g5 57. Kc6 h5 58. Kd5 g4
59. hxg4+ hxg4 60. Bf2 Kf4  0-1

[Event "M.Chigorin Memorial 2017 "]
[Site "?????-?????????"]
[Date "2017.10.25"]
[Round "5"]
[Board "80"]
[White "Chashchev, Sergey"]
[Black "Pogosian, Vladimir"]
[Result "1-0"]
[WhiteElo "2342"]
[BlackElo "2088"]
[PlyCount "135"]
[EventDate "2017.10.21"]
[EventRounds "9"]
[EventCountry "RUS"]

1. e4 e5 2. Nf3 d6 3. d4 Nd7 4. Bc4 c6 5. Nc3 Be7 6. O-O Ngf6 7. a4 O-O 8. Qe2
Qc7 9. Rd1 b6 10. d5 Bb7 11. Bg5 Rac8 12. Ne1 cxd5 13. Bxf6 Nxf6 14. Bxd5 Bxd5
15. Nxd5 Nxd5 16. Rxd5 f5 17. exf5 Rxf5 18. c3 Rcf8 19. f3 Rf4 20. Nd3 Rc4 21.
Nf2 Qc6 22. Qd1 Rc5 23. Rd2 d5 24. Nd3 d4 25. Qb3+ Kh8 26. cxd4 exd4 27. Nxc5
Bxc5 28. Qc4 Qh6 29. Rd3 a5 30. Re1 Bd6 31. g3 Qg5 32. Kg2 Bc5 33. Qe6 h6 34.
Qd7 Qg6 35. Re4 Kh7 36. h4 Rf7 37. Qg4 Qc6 38. Re6 Qxa4 39. Qe4+ Kg8 40. Re8+
Rf8 41. Qe6+ Kh7 42. Rxf8 Bxf8 43. Qe4+ Kg8 44. Rxd4 Qb3 45. Qd5+ Qxd5 46. Rxd5
Kf7 47. b3 Ke6 48. Rd8 Be7 49. Rg8 Bf6 50. f4 Kd5 51. Rc8 b5 52. Kf3 Bb2 53.
Rc2 Bd4 54. h5 Bc5 55. Rd2+ Kc6 56. Ra2 Bb4 57. Ke4 Be1 58. Rc2+ Kd6 59. g4 Bb4
60. g5 Bc5 61. Kf5 a4 62. bxa4 bxa4 63. Kg6 hxg5 64. fxg5 a3 65. Rd2+ Ke5 66.
h6 gxh6 67. gxh6 Bd4 68. h7  1-0

[Event "M.Chigorin Memorial 2017 "]
[Site "?????-?????????"]
[Date "2017.10.25"]
[Round "5"]
[Board "81"]
[White "Aliyev, Ravan"]
[Black "Aseev, Vladimir"]
[Result "1-0"]
[WhiteElo "2341"]
[BlackElo "2082"]
[PlyCount "121"]
[EventDate "2017.10.21"]
[EventRounds "9"]
[EventCountry "RUS"]

1. d4 d5 2. c4 c6 3. Nc3 Nf6 4. e3 g6 5. Nf3 Bg7 6. Be2 O-O 7. O-O b6 8. a4 a5
9. Qc2 Na6 10. Qb3 Nb4 11. Bd2 Ba6 12. cxd5 Bxe2 13. Nxe2 Qxd5 14. Qd1 Rfd8 15.
Nc3 Qf5 16. Ne5 c5 17. Nb5 cxd4 18. exd4 Nfd5 19. Ng4 Qd7 20. Nh6+ Kf8 21. Ra3
Nf6 22. Rf3 Nbd5 23. h3 Nc7 24. Qb3 Bxh6 25. Bxh6+ Kg8 26. Nxc7 Qxc7 27. Bf4
Qd7 28. Be5 Nd5 29. Re1 Rac8 30. Bg3 Rc6 31. h4 Re6 32. Rc1 h5 33. Be5 f6 34.
Bg3 Kg7 35. Qc4 Re4 36. Rd1 Rc8 37. Qd3 Qe6 38. Kh2 Nb4 39. Qb5 Qc6 40. Qxc6
Rxc6 41. d5 Rc2 42. d6 exd6 43. Rxd6 f5 44. Re3 Rxe3 45. fxe3 Kf7 46. Be5 Rc4
47. Rf6+ Ke7 48. Rxg6 Rxh4+ 49. Kg1 Re4 50. Bf4 Nd5 51. Bg5+ Kd7 52. Kf2 Rxa4
53. Kf3 Rg4 54. Rg8 Kc7 55. Bd8+ Kd7 56. Rh8 a4 57. Rxh5 Ke6 58. Rh6+ Kd7 59.
Bxb6 Rb4 60. Bc5 Rb5 61. Rd6+  1-0

[Event "M.Chigorin Memorial 2017 "]
[Site "?????-?????????"]
[Date "2017.10.25"]
[Round "5"]
[Board "82"]
[White "Chekmareva, Liya"]
[Black "Bykov, Oleg"]
[Result "1-0"]
[WhiteElo "2077"]
[BlackElo "2333"]
[PlyCount "115"]
[EventDate "2017.10.21"]
[EventRounds "9"]
[EventCountry "RUS"]

1. d4 Nf6 2. c4 g6 3. Nc3 Bg7 4. e4 d6 5. Nf3 O-O 6. Be2 Bg4 7. O-O Nfd7 8. Be3
Nc6 9. d5 Na5 10. Nd4 Bxe2 11. Qxe2 c5 12. dxc6 bxc6 13. Rac1 Rb8 14. b3 c5 15.
Nf3 Nc6 16. Qd2 Re8 17. h3 Qa5 18. Nh2 Nd4 19. f4 Nf6 20. Qf2 Qxc3 21. Rxc3
Nxe4 22. Qe1 Nxc3 23. Bxd4 Bxd4+ 24. Kh1 Nxa2 25. f5 Nc3 26. Ng4 Bg7 27. f6
exf6 28. Qxc3 f5 29. Nf6+ Kh8 30. g4 Re5 31. g5 f4 32. Qd3 Re3 33. Qxd6 Rxh3+
34. Kg2 Rg3+ 35. Kh2 Rgxb3 36. Rxf4 h5 37. Qxc5 a6 38. Qd4 R3b7 39. c5 Rc8 40.
Qd5 Rbc7 41. Rd4 Bf8 42. Rc4 Bxc5 43. Kh3 Kg7 44. Ne4 Bb6 45. Qe5+ Kg8 46. Nf6+
Kf8 47. Qd6+ Kg7 48. Rxc7 Bxc7 49. Qd7 Rb8 50. Qxc7 Rb3+ 51. Kg2 Rb5 52. Ne8+
Kg8 53. Nd6 Rxg5+ 54. Kf3 Rg1 55. Qxf7+ Kh8 56. Kf2 Rg4 57. Qf8+ Kh7 58. Ne8
 1-0

[Event "M.Chigorin Memorial 2017 "]
[Site "?????-?????????"]
[Date "2017.10.25"]
[Round "5"]
[Board "83"]
[White "Askerov, Marat"]
[Black "Ismagilov, Damir"]
[Result "1-0"]
[WhiteElo "2332"]
[BlackElo "2058"]
[PlyCount "65"]
[EventDate "2017.10.21"]
[EventRounds "9"]
[EventCountry "RUS"]

1. d4 c5 2. d5 g6 3. c4 Bg7 4. e4 d6 5. h3 e6 6. Nf3 Ne7 7. Bd3 O-O 8. O-O a6
9. Nc3 exd5 10. exd5 Bf5 11. Bf4 Bxd3 12. Qxd3 Nf5 13. g4 Nd4 14. Nxd4 Bxd4 15.
Qg3 Nd7 16. Bxd6 Re8 17. Bf4 Qf6 18. Rae1 Be5 19. Re4 Bxc3 20. Rxe8+ Rxe8 21.
bxc3 Re4 22. Be3 Rxc4 23. Qc7 Qe7 24. Re1 Re4 25. Qxb7 f5 26. Qc8+ Kg7 27. gxf5
gxf5 28. Kh1 f4 29. Rg1+ Kh6 30. Qxa6+ Kh5 31. Qe2+ Kh6 32. Bxf4+ Rxf4 33. Qxe7
 1-0

[Event "M.Chigorin Memorial 2017 "]
[Site "?????-?????????"]
[Date "2017.10.25"]
[Round "5"]
[Board "84"]
[White "Timerkhanov, Alexander"]
[Black "Zabolotnov, Evgeny"]
[Result "1-0"]
[WhiteElo "2312"]
[BlackElo "2049"]
[PlyCount "67"]
[EventDate "2017.10.21"]
[EventRounds "9"]
[EventCountry "RUS"]

1. e4 c6 2. d4 d5 3. exd5 cxd5 4. Bd3 Nc6 5. c3 Qc7 6. Ne2 Bg4 7. O-O e6 8. Qe1
Bxe2 9. Qxe2 Bd6 10. f4 Nf6 11. a4 h5 12. Be3 a6 13. Nd2 Ne7 14. Nf3 Nf5 15.
Ne5 Qe7 16. Rae1 Ng4 17. Bf2 Bxe5 18. dxe5 g6 19. Bb6 Qh4 20. h3 Ng3 21. Qf3
Nxf1 22. Rxf1 Nh6 23. Bf2 Qe7 24. g4 hxg4 25. hxg4 O-O-O 26. Re1 Kb8 27. Bf1 d4
28. Bg2 Rd5 29. Qg3 Rd7 30. Bxd4 Rxd4 31. cxd4 Qb4 32. Qc3 Qxa4 33. Rc1 Nxg4
34. Qc7+  1-0

[Event "M.Chigorin Memorial 2017 "]
[Site "?????-?????????"]
[Date "2017.10.25"]
[Round "5"]
[Board "85"]
[White "Zhai, Mo"]
[Black "Zavgorodniaya, Alena"]
[Result "1-0"]
[WhiteElo "2300"]
[BlackElo "2039"]
[PlyCount "93"]
[EventDate "2017.10.21"]
[EventRounds "9"]
[EventCountry "RUS"]

1. d4 d5 2. c4 c6 3. Nf3 Nf6 4. Nc3 e6 5. g3 Nbd7 6. Bg2 dxc4 7. O-O b5 8. a4
b4 9. Nb1 a5 10. Bg5 Be7 11. Qc1 Ba6 12. Nbd2 Rc8 13. Nxc4 c5 14. b3 O-O 15.
Nfe5 Nd5 16. Bxe7 Qxe7 17. Nxd7 Qxd7 18. Bxd5 Qxd5 19. Nb6 Qxd4 20. Rd1 Qe4 21.
Nxc8 Rxc8 22. Qxc5 h6 23. Qb6 Bxe2 24. Rd8+ Rxd8 25. Qxd8+ Kh7 26. Re1 Qc2 27.
Qxa5 Qxb3 28. Rxe2 Qd1+ 29. Kg2 Qxe2 30. Qxb4 Qc2 31. a5 Qc6+ 32. Kg1 Qc1+ 33.
Kg2 Qc6+ 34. Kf1 Qc1+ 35. Ke2 Qc2+ 36. Ke3 Qc1+ 37. Kd4 Qc2 38. Ke3 Qc1+ 39.
Qd2 Qc5+ 40. Ke2 Qh5+ 41. Kf1 Qxh2 42. Qd3+ f5 43. Qf3 Qh3+ 44. Kg1 e5 45. a6
e4 46. Qe2 e3 47. a7  1-0

[Event "M.Chigorin Memorial 2017 "]
[Site "?????-?????????"]
[Date "2017.10.25"]
[Round "5"]
[Board "86"]
[White "Veselov, Andrey"]
[Black "Rjabzev, Konstantin"]
[Result "1/2-1/2"]
[WhiteElo "2056"]
[BlackElo "2270"]
[PlyCount "106"]
[EventDate "2017.10.21"]
[EventRounds "9"]
[EventCountry "RUS"]

1. d4 d5 2. c4 e6 3. Nc3 Be7 4. Nf3 Nf6 5. cxd5 exd5 6. Bg5 O-O 7. e3 Nbd7 8.
Qc2 Re8 9. Bd3 Nf8 10. O-O c6 11. Rfb1 Ng6 12. b4 a6 13. a4 Bd6 14. b5 axb5 15.
axb5 Rxa1 16. Rxa1 h6 17. Bxf6 Qxf6 18. bxc6 bxc6 19. Ra8 Bd7 20. Rxe8+ Bxe8
21. e4 Nh4 22. Nxh4 Qxh4 23. e5 Bf8 24. Ne2 c5 25. dxc5 Qb4 26. Qc3 Qxc5 27.
Qxc5 Bxc5 28. Kf1 Kf8 29. f4 Ke7 30. g3 f6 31. exf6+ Kxf6 32. Kg2 g5 33. Kf3
Bh5+ 34. g4 Be8 35. f5 Ke5 36. h3 Bc6 37. Nc3 Bb4 38. Bb5 Bb7 39. Ne2 Bd2 40.
Ng3 d4+ 41. Ke2 Bb4 42. Bc4 Bc6 43. Nh5 Be8 44. f6 Bg6 45. f7 Bf8 46. Ng3 Kd6
47. Nf5+ Ke5 48. Kf3 h5 49. Ke2 Bxf5 50. gxf5 Kxf5 51. Kd3 Ke5 52. Bb3 g4 53.
hxg4 hxg4  1/2-1/2

[Event "M.Chigorin Memorial 2017 "]
[Site "?????-?????????"]
[Date "2017.10.25"]
[Round "5"]
[Board "87"]
[White "Divya, Deshmukh"]
[Black "Tugarin, Anton"]
[Result "0-1"]
[WhiteElo "2051"]
[BlackElo "2251"]
[PlyCount "154"]
[EventDate "2017.10.21"]
[EventRounds "9"]
[EventCountry "RUS"]

1. d4 d5 2. c4 e6 3. Nc3 c6 4. e4 dxe4 5. Nxe4 Bb4+ 6. Bd2 Qxd4 7. Bxb4 Qxe4+
8. Ne2 Nd7 9. Qd6 a5 10. Ba3 Qe5 11. Qd3 c5 12. Rd1 Ngf6 13. Qg3 Qxg3 14. hxg3
b6 15. f3 Bb7 16. Nc3 Ke7 17. g4 Bc6 18. Be2 h6 19. Kf2 Rhd8 20. b3 Ne5 21. Bb2
Ng6 22. Kg3 Rxd1 23. Rxd1 Nd7 24. Bd3 Ngf8 25. Be4 Rc8 26. Bxc6 Rxc6 27. Nb5 f6
28. f4 e5 29. f5 Nh7 30. Kf3 Ng5+ 31. Ke3 Nf7 32. Ke2 Rc8 33. Nc3 Nd8 34. Nd5+
Ke8 35. Ke3 Nc6 36. Ke4 Nd4 37. Bc3 Kf7 38. Rb1 Rh8 39. Rh1 Ne2 40. Be1 Ra8 41.
Nc7 Rc8 42. Nd5 a4 43. bxa4 Ra8 44. Ke3 Nd4 45. Nc3 Ke7 46. Bd2 Kd6 47. Rb1 Kc6
48. Ke4 Nc2 49. Rb2 Na3 50. Kd3 e4+ 51. Kxe4 Nxc4 52. Rc2 Re8+ 53. Kf3 Nde5+
54. Kg3 Rd8 55. Bf4 Rd3+ 56. Kf2 Nxg4+ 57. Ke2 Rd4 58. g3 Rd8 59. Nb5 Nge5 60.
Na7+ Kb7 61. Nb5 Ra8 62. Nc3 Kc6 63. Rc1 Re8 64. Rd1 Nb2 65. Rb1 Nec4+ 66. Kf3
Rd8 67. Ke2 Nd3 68. Rg1 Nxf4+ 69. gxf4 Rd2+ 70. Ke1 Rd3 71. Ne2 Rd7 72. Ng3 Nd6
73. Ke2 Ra7 74. Kf3 Rxa4 75. Rg2 c4 76. Rd2 Ra3+ 77. Kg4 Rxg3+  0-1

[Event "M.Chigorin Memorial 2017 "]
[Site "?????-?????????"]
[Date "2017.10.25"]
[Round "5"]
[Board "88"]
[White "Chernyak, Viktoria"]
[Black "Savinov, Leonid"]
[Result "1-0"]
[WhiteElo "2236"]
[BlackElo "2035"]
[PlyCount "111"]
[EventDate "2017.10.21"]
[EventRounds "9"]
[EventCountry "RUS"]

1. Nf3 d5 2. g3 Nc6 3. d4 Bg4 4. Bg2 Qd7 5. h3 Bxf3 6. exf3 h5 7. h4 Nh6 8. c3
e6 9. Nd2 O-O-O 10. f4 Nf5 11. Nf3 f6 12. Qd3 Kb8 13. b3 Nd6 14. O-O Ne4 15. a4
a5 16. Nd2 f5 17. Nf3 Be7 18. Ba3 Bd6 19. Rfb1 Qe7 20. Bc1 b6 21. Be3 Kb7 22.
Rb2 Ra8 23. Rc2 Rhg8 24. Qd1 g6 25. Qe2 Nd8 26. c4 c6 27. Rac1 Ba3 28. Rb1 Bd6
29. Kh2 Nf7 30. c5 Bc7 31. b4 axb4 32. Rxb4 Ra6 33. Rcb2 Rga8 34. Qc2 Nh6 35.
Bf1 Ng4+ 36. Kg2 Ra5 37. Ne5 Nxe5 38. fxe5 g5 39. hxg5 h4 40. Qb3 hxg3 41. fxg3
b5 42. Bf4 Rh8 43. axb5 Qh7 44. bxc6+ Kxc6 45. Kf3 Qh1+ 46. Bg2 Qe1 47. Rb7 Ra3
48. Qxa3 Qd1+ 49. Ke3 Qc1+ 50. Ke2 Nc3+ 51. Kd3 Qd1+ 52. Kxc3 Qe1+ 53. Kc2 Qe2+
54. Kb1 Qd1+ 55. Ka2 Ba5 56. R2b6+  1-0

[Event "M.Chigorin Memorial 2017 "]
[Site "?????-?????????"]
[Date "2017.10.25"]
[Round "5"]
[Board "89"]
[White "Nasibullin, Iskander"]
[Black "Nikitinyh, Boris"]
[Result "1/2-1/2"]
[WhiteElo "2234"]
[BlackElo "2027"]
[PlyCount "146"]
[EventDate "2017.10.21"]
[EventRounds "9"]
[EventCountry "RUS"]

1. e4 c6 2. c4 e5 3. Nf3 d6 4. d4 Nd7 5. Nc3 Ngf6 6. Be2 Be7 7. O-O O-O 8. Qc2
Re8 9. Rd1 Qc7 10. h3 Bf8 11. a3 exd4 12. Nxd4 Nc5 13. Bf3 a5 14. Be3 g6 15. b4
axb4 16. axb4 Rxa1 17. Rxa1 Ncd7 18. Na4 Bg7 19. Rd1 h6 20. c5 dxc5 21. bxc5
Qe5 22. Nb3 Nxe4 23. Na5 Ndf6 24. Nb6 Bf5 25. Qc1 Qe7 26. Qc4 Ng5 27. Be2 Be4
28. h4 Ngh7 29. Bf3 Bxf3 30. gxf3 Nf8 31. Rd6 Nh5 32. Qe4 Be5 33. Rd1 Kh7 34.
Kg2 Nf6 35. Qb4 Ne6 36. Nbc4 Nf4+ 37. Bxf4 Bxf4 38. Qxb7 Qxb7 39. Nxb7 Nd5 40.
Nba5 Re6 41. Rd4 Bc7 42. Kf1 Bxa5 43. Nxa5 Ne7 44. Nb7 Kg7 45. Rd7 Nf5 46. Nd8
Re7 47. Rd3 Nxh4 48. Nxc6 Rc7 49. Ne5 Rxc5 50. f4 Rc7 51. Kg1 Nf5 52. Kg2 f6
53. Nf3 Kf7 54. Nd2 Ke6 55. Nf1 Rc4 56. Kf3 g5 57. fxg5 fxg5 58. Ra3 g4+ 59.
Kg2 Kf6 60. Ra6+ Kg5 61. Ra5 Kf4 62. Rxf5+ Kxf5 63. Ne3+ Kf4 64. Nxc4 h5 65.
Nb2 h4 66. Nd3+ Ke4 67. Nc5+ Kf4 68. Ne6+ Ke5 69. Nc5 Kf4 70. Nd3+ Ke4 71. Ne1
Kf4 72. Kg1 g3 73. Ng2+ Kg4  1/2-1/2

[Event "M.Chigorin Memorial 2017 "]
[Site "?????-?????????"]
[Date "2017.10.25"]
[Round "5"]
[Board "90"]
[White "Malinovsky, Ilya"]
[Black "Travkina, Anastasia"]
[Result "1-0"]
[WhiteElo "2044"]
[BlackElo "2221"]
[PlyCount "75"]
[EventDate "2017.10.21"]
[EventRounds "9"]
[EventCountry "RUS"]

1. e4 c5 2. Nc3 Nc6 3. f4 g6 4. Nf3 Bg7 5. Bb5 Nd4 6. O-O a6 7. Bd3 d6 8. Nxd4
cxd4 9. Ne2 Nf6 10. Kh1 e5 11. c3 d5 12. fxe5 Ng4 13. Nxd4 Bxe5 14. exd5 Nxh2
15. Qe1 Ng4 16. Nf3 O-O 17. Nxe5 Re8 18. Nxf7 Rxe1 19. Nxd8 Nf2+ 20. Kg1 Nxd3
21. Rxe1 Nxe1 22. d4 Nc2 23. Rb1 Bf5 24. Bg5 Be4 25. Rc1 h6 26. Be7 b5 27. d6
Ra7 28. Rf1 Bf5 29. g4 Bxg4 30. Rf8+ Kg7 31. d5 g5 32. Rf6 Ne3 33. Ne6+ Kg8 34.
Rg6+ Kf7 35. Rg7+ Ke8 36. Nc7+ Kd7 37. Bxg5+ Kxd6 38. Bf4+  1-0

[Event "M.Chigorin Memorial 2017 "]
[Site "?????-?????????"]
[Date "2017.10.25"]
[Round "5"]
[Board "91"]
[White "Eynullayev, Altay"]
[Black "Gagare, Shalmali"]
[Result "1-0"]
[WhiteElo "2220"]
[BlackElo "2013"]
[PlyCount "119"]
[EventDate "2017.10.21"]
[EventRounds "9"]
[EventCountry "RUS"]

1. e4 e6 2. d4 d5 3. Nc3 Nf6 4. e5 Nfd7 5. f4 c5 6. Nf3 Nc6 7. Be3 Be7 8. dxc5
Bxc5 9. Qd2 O-O 10. O-O-O Qa5 11. Bxc5 Nxc5 12. Kb1 Bd7 13. Qe3 Qb6 14. Nd4
Nxd4 15. Qxd4 Bc6 16. g4 Rad8 17. Bg2 Nd7 18. Rhe1 Rfe8 19. Qxb6 Nxb6 20. Ne2
f6 21. Nd4 fxe5 22. Rxe5 Kf7 23. Rde1 Bd7 24. b3 Na8 25. f5 Nc7 26. fxe6+ Bxe6
27. h3 Bc8 28. Nf3 Rxe5 29. Nxe5+ Kf6 30. Nd3 Be6 31. Nf4 Bf7 32. Kc1 g5 33.
Nd3 Re8 34. Rf1+ Kg6 35. Rf5 Be6 36. Ne5+ Kh6 37. Rf2 Kg7 38. Nf3 Rf8 39. Re2
h6 40. Nd4 Bc8 41. Kd2 Kf6 42. Kd3 Ne6 43. Nxe6 Bxe6 44. Rf2+ Ke7 45. Rxf8 Kxf8
46. Kd4 Ke7 47. Bxd5 Bc8 48. Ke5 b6 49. c4 a5 50. a3 Bd7 51. b4 axb4 52. axb4
Bc8 53. c5 bxc5 54. bxc5 Ba6 55. c6 Bc8 56. Be4 h5 57. Bf5 hxg4 58. hxg4 Ba6
59. c7 Kf7 60. c8=Q  1-0

[Event "M.Chigorin Memorial 2017 "]
[Site "?????-?????????"]
[Date "2017.10.25"]
[Round "5"]
[Board "92"]
[White "Makoveev, Ilya"]
[Black "Protopopova, Anastasiya"]
[Result "1-0"]
[WhiteElo "2041"]
[BlackElo "2219"]
[PlyCount "91"]
[EventDate "2017.10.21"]
[EventRounds "9"]
[EventCountry "RUS"]

1. e4 c6 2. d4 d5 3. Nc3 dxe4 4. Nxe4 h6 5. Nf3 Bf5 6. Bd3 e6 7. Bf4 Bxe4 8.
Bxe4 Nf6 9. Bd3 Bd6 10. Ne5 O-O 11. O-O Qc7 12. Re1 Nbd7 13. c3 Rad8 14. Qf3 c5
15. Rad1 cxd4 16. cxd4 Nd5 17. Bg3 Nxe5 18. dxe5 Be7 19. a3 a5 20. h4 Bc5 21.
Qe4 f5 22. Qf3 Qb6 23. Bc4 Nc7 24. Rxd8 Rxd8 25. Qxf5 Rf8 26. Qc2 Bd4 27. Re2
Qc5 28. Ba2 b6 29. b4 axb4 30. axb4 Qe7 31. Bb1 g5 32. Qe4 Nb5 33. Qg6+ Qg7 34.
Qxe6+ Kh8 35. Rd2 Rg8 36. h5 Nc3 37. Bf5 Rd8 38. Kh2 g4 39. Rxd4 Rxd4 40. Qc8+
Qg8 41. Qxc3 Rc4 42. Qe3 Qg5 43. Qxg5 hxg5 44. e6 Kg7 45. e7 Kf7 46. Be6+  1-0

[Event "M.Chigorin Memorial 2017 "]
[Site "?????-?????????"]
[Date "2017.10.25"]
[Round "5"]
[Board "93"]
[White "Anchutin, Nikita"]
[Black "Sapegin, Yaroslav"]
[Result "1-0"]
[WhiteElo "2219"]
[BlackElo "2007"]
[PlyCount "47"]
[EventDate "2017.10.21"]
[EventRounds "9"]
[EventCountry "RUS"]

1. d4 d5 2. Nf3 Bg4 3. Ne5 Bh5 4. c4 f6 5. g4 fxe5 6. gxh5 Nc6 7. dxe5 dxc4 8.
Bf4 Qd4 9. Qxd4 Nxd4 10. Na3 e6 11. O-O-O Bxa3 12. Rxd4 Bc5 13. Rxc4 Bxf2 14.
Rxc7 Ne7 15. Rxb7 Nd5 16. Bd2 O-O 17. Bh3 Rac8+ 18. Kb1 Rc6 19. Rc1 Ra6 20. Rd7
Nf4 21. Rcc7 Nxh5 22. Bg4 Bb6 23. Rb7 Rf1+ 24. Kc2  1-0

[Event "M.Chigorin Memorial 2017 "]
[Site "?????-?????????"]
[Date "2017.10.25"]
[Round "5"]
[Board "94"]
[White "Pryalukhin, Danila"]
[Black "Khadzhiev, Valery"]
[Result "1/2-1/2"]
[WhiteElo "2031"]
[BlackElo "2208"]
[PlyCount "192"]
[EventDate "2017.10.21"]
[EventRounds "9"]
[EventCountry "RUS"]

1. d4 d5 2. c4 e6 3. Nc3 Nf6 4. cxd5 exd5 5. Bg5 Be7 6. Qc2 Nbd7 7. e3 O-O 8.
Bd3 Re8 9. Nf3 c6 10. a3 h6 11. Bh4 Ne4 12. Bxe7 Qxe7 13. O-O Ndf6 14. b4 a6
15. Na4 Bf5 16. Rab1 Bh7 17. Nb6 Rad8 18. a4 Nd6 19. Bxh7+ Nxh7 20. Ne5 Nf6 21.
Rfc1 Qc7 22. a5 Qe7 23. Qe2 Nde4 24. Rb2 Rd6 25. f3 Ng5 26. h4 Ne6 27. Qf2 Nc7
28. Re1 Nb5 29. g4 Nh7 30. Na4 Nf8 31. Nc5 f6 32. Ned3 Ne6 33. Rd2 Nxc5 34.
Nxc5 Rdd8 35. Qg3 Nd6 36. Rg2 Qf7 37. g5 fxg5 38. hxg5 Nf5 39. Qf4 hxg5 40.
Rxg5 Nxe3 41. Qxf7+ Kxf7 42. Nxb7 Rd7 43. Nc5 Rde7 44. Nxa6 Nc2 45. Rf5+ Kg8
46. Rxe7 Rxe7 47. Re5 Ra7 48. Nc5 Nxb4 49. Re8+ Kh7 50. Rb8 Nc2 51. Nb3 Na3 52.
Rb6 Nc4 53. Rxc6 Rb7 54. Nc5 Rb1+ 55. Kf2 Rb2+ 56. Kg3 Nxa5 57. Rd6 Rd2 58.
Rxd5 Nc6 59. Ne6 Ne7 60. Rd7 Nf5+ 61. Kf4 Kg6 62. d5 Rd1 63. Nc5 Nd4 64. Ke4
Ne2 65. Ne6 Kf6 66. Nc7 Nc3+ 67. Kf4 g5+ 68. Kg3 Ne2+ 69. Kf2 Nf4 70. Ke3 Re1+
71. Kd4 Rd1+ 72. Kc5 Nd3+ 73. Kd6 Ne5 74. Ne8+ Kf5 75. Ng7+ Kf6 76. Nh5+ Kf5
77. Ng3+ Kf6 78. Ne4+ Kf5 79. Re7 Nc4+ 80. Kc5 Rc1 81. Nd6+ Nxd6+ 82. Kxd6 Rc3
83. Kd7 Kg6 84. d6 Rxf3 85. Ke8 Rd3 86. d7 Kf5 87. d8=Q Rxd8+ 88. Kxd8 g4 89.
Kd7 Kf4 90. Rf7+ Ke3 91. Re7+ Kf2 92. Rf7+ Ke3 93. Ke6 g3 94. Rg7 Kf2 95. Kf5
g2 96. Rxg2+ Kxg2  1/2-1/2

[Event "M.Chigorin Memorial 2017 "]
[Site "?????-?????????"]
[Date "2017.10.25"]
[Round "5"]
[Board "95"]
[White "Kharmunova, Nadezhda"]
[Black "Kuznetsov, Roman"]
[Result "1/2-1/2"]
[WhiteElo "2199"]
[BlackElo "2004"]
[PlyCount "89"]
[EventDate "2017.10.21"]
[EventRounds "9"]
[EventCountry "RUS"]

1. d4 Nf6 2. c4 c5 3. d5 e6 4. Nc3 exd5 5. cxd5 d6 6. e4 g6 7. Nf3 Bg7 8. Bd3
O-O 9. O-O a6 10. a4 Bg4 11. h3 Bxf3 12. Qxf3 Qc7 13. Re1 Nbd7 14. Qd1 Rab8 15.
Bf1 Rfe8 16. a5 c4 17. Bf4 Nh5 18. Be3 Nc5 19. g4 Nf6 20. Bxc5 Qxc5 21. Ra4 Nd7
22. Kg2 Re7 23. Qd2 Rbe8 24. f3 f5 25. Rea1 Bxc3 26. Qxc3 fxe4 27. f4 e3 28.
Bxc4 b5 29. axb6 Nxb6 30. Be2 Nxa4 31. Rxa4 Qxd5+ 32. Kg3 Qh1 33. Bc4+ d5 34.
Ra1 Qxa1 35. Bxd5+ Rf7 36. Bxf7+ Kxf7 37. Qc4+ Kg7 38. Qc3+ Kf7 39. Qc4+ Re6
40. Qc7+ Re7 41. Qc4+ Kg7 42. Qc3+ Kg8 43. Qc8+ Kf7 44. Qc4+ Re6 45. Qc7+
 1/2-1/2